Statistics for Building Style by City 4 (Hard)

Click here to take the quiz!

General Stats

  • This quiz has been taken 11 times
  • The average score is 5 of 12

Answer Stats

Answer% Correct
Edinburgh
75%
Havana
75%
Dubai
63%
Venice
63%
Bath
38%
Carthage
38%
Porto
38%
Busan
25%
Poznań
25%
Recife
25%
Toulouse
25%
Wrocław
25%

Score Distribution

Percentile by Number Answered

Percent of People with Each Score

Your Score History

You have not taken this quiz